000 00553nam a2200205 a 4500
001 BRCA_3953
005 20190320204505.0
008 130110s1963----gw-a######---#000-0#ger-#
041 _ager
044 _agw
050 4 _aPN6231
_b.J83 1963
245 1 0 _aJudische Witze
_bAusgewahlt und Eingeleitet
_cvon Salcia Landmann.
260 _aMúnich
_bDeutscher Taschenbuch
_c1963
300 _a269 p.
_bil.
_c18 cm.
500 _aCDE11
650 1 4 _aHumorismo judío
_910281
700 1 _aLandmann, Salcia
_eEditor
_910282
902 _aGFM
942 _2lcc
_cB
999 _c3680
_d3680